Využitie event marketingu v komunikačnom mixe

Pozitívne výsledky uplatňovania event marketingu v marketingovom komunikačnom mixe firiem. Event marketing sa považuje za komunikačný nástroj so silným emocionálnym nábojom. Jeho popularita rastie na celom svete a je považovaný za strategický a merateľný nástroj. V súčasnosti zaujíma vedúce postaven...

Ausführliche Beschreibung

Gespeichert in:
Bibliographische Detailangaben
1. Verfasser: Jóri, Vladimír, 1972-
Weitere Verfasser: Majtán, Štefan
Format: Buchkapitel
Sprache:Slowakisch
Schlagworte:
Tags: Tag hinzufügen
Keine Tags, Fügen Sie das erste Tag hinzu!

MARC

LEADER 00000nla a2200000 4500
001 0195441
005 20240522130725.8
041 0 |a slo 
044 |a SK 
245 1 0 |a Využitie event marketingu v komunikačnom mixe  |c Vladimír Jóri, Štefan Majtán 
520 |a Pozitívne výsledky uplatňovania event marketingu v marketingovom komunikačnom mixe firiem. Event marketing sa považuje za komunikačný nástroj so silným emocionálnym nábojom. Jeho popularita rastie na celom svete a je považovaný za strategický a merateľný nástroj. V súčasnosti zaujíma vedúce postavenie v marketingovej stratégii mnohých značiek. Marketing zážitkový. 
610 2 0 |a event marketing 
610 2 0 |a nástroje marketingové 
610 2 0 |a mix komunikačný 
610 2 0 |a firmy 
610 2 0 |a Slovensko 
610 2 0 |a Amerika 
100 1 |a Jóri, Vladimír, 1972- 
700 1 |a Majtán, Štefan